<?xml version="1.0" encoding="UTF-8"?>
<record
    xmlns:xsi="http://www.w3.org/2001/XMLSchema-instance"
    xsi:schemaLocation="http://www.loc.gov/MARC21/slim http://www.loc.gov/standards/marcxml/schema/MARC21slim.xsd"
    xmlns="http://www.loc.gov/MARC21/slim">

  <leader>00993nam a2200277 i 4500</leader>
  <controlfield tag="001">000020923</controlfield>
  <controlfield tag="003">DO-SdBNP</controlfield>
  <controlfield tag="005">20260305073956.0</controlfield>
  <controlfield tag="007">ta</controlfield>
  <controlfield tag="008">100824s1998    dr            000 0 spa d</controlfield>
  <datafield tag="040" ind1=" " ind2=" ">
    <subfield code="a">DO-SdBNP</subfield>
    <subfield code="b">spa</subfield>
    <subfield code="c">BNPHU</subfield>
    <subfield code="e">rda</subfield>
  </datafield>
  <datafield tag="049" ind1=" " ind2=" ">
    <subfield code="a">BNPD</subfield>
  </datafield>
  <datafield tag="082" ind1=" " ind2="4">
    <subfield code="b">N964c</subfield>
    <subfield code="2">22</subfield>
  </datafield>
  <datafield tag="100" ind1="1" ind2=" ">
    <subfield code="a">N&#xFA;&#xF1;ez Collado, Agripino</subfield>
    <subfield code="d">1933-2022</subfield>
    <subfield code="e">autor</subfield>
    <subfield code="9">8457</subfield>
  </datafield>
  <datafield tag="245" ind1="1" ind2="3">
    <subfield code="a">La cultura del di&#xE1;logo y la concertaci&#xF3;n en Rep&#xFA;blica Dominicana 1985-1998 /</subfield>
    <subfield code="c">Agripino N&#xFA;&#xF1;ez Collado ; presentaci&#xF3;n, Leonel Fern&#xE1;ndez.</subfield>
  </datafield>
  <datafield tag="250" ind1=" " ind2=" ">
    <subfield code="a">2a ed.</subfield>
  </datafield>
  <datafield tag="264" ind1=" " ind2=" ">
    <subfield code="a">Santo Domingo :</subfield>
    <subfield code="b">Pontificia Universidad Cat&#xF3;lica Madre y Maestra,</subfield>
    <subfield code="c">1998.</subfield>
  </datafield>
  <datafield tag="300" ind1=" " ind2=" ">
    <subfield code="a">447 p&#xE1;ginas ;</subfield>
    <subfield code="c">23 cm.</subfield>
  </datafield>
  <datafield tag="336" ind1=" " ind2=" ">
    <subfield code="2">rdaconntent</subfield>
    <subfield code="a">texto</subfield>
    <subfield code="b">txt</subfield>
  </datafield>
  <datafield tag="337" ind1=" " ind2=" ">
    <subfield code="2">rdamedia</subfield>
    <subfield code="a">sin mediaci&#xF3;n</subfield>
    <subfield code="b">n</subfield>
  </datafield>
  <datafield tag="338" ind1=" " ind2=" ">
    <subfield code="2">rdacarrier</subfield>
    <subfield code="a">volumen</subfield>
    <subfield code="b">nc</subfield>
  </datafield>
  <datafield tag="500" ind1=" " ind2=" ">
    <subfield code="a">Incluye datos biogr&#xE1;ficos del autor en la solapa de la cubierta</subfield>
  </datafield>
  <datafield tag="590" ind1=" " ind2=" ">
    <subfield code="a">Inventariado, 2024/BT</subfield>
  </datafield>
  <datafield tag="700" ind1="1" ind2=" ">
    <subfield code="a">Fern&#xE1;ndez, Leonel,</subfield>
    <subfield code="d">1953-</subfield>
    <subfield code="e">presentaci&#xF3;n</subfield>
    <subfield code="9">7291</subfield>
  </datafield>
  <datafield tag="942" ind1=" " ind2=" ">
    <subfield code="2">ddc</subfield>
    <subfield code="c">LBS1</subfield>
  </datafield>
  <datafield tag="952" ind1=" " ind2=" ">
    <subfield code="0">0</subfield>
    <subfield code="1">0</subfield>
    <subfield code="2">ddc</subfield>
    <subfield code="5">1</subfield>
    <subfield code="7">0</subfield>
    <subfield code="8">PD</subfield>
    <subfield code="a">BNPHU</subfield>
    <subfield code="b">BNPHU</subfield>
    <subfield code="c">CT</subfield>
    <subfield code="d">2010-08-24</subfield>
    <subfield code="l">0</subfield>
    <subfield code="o">BNPHU PD  N964c</subfield>
    <subfield code="p">20923-10</subfield>
    <subfield code="r">2020-06-25</subfield>
    <subfield code="w">2020-06-25</subfield>
    <subfield code="y">LBS1</subfield>
    <subfield code="Z">No se presta</subfield>
  </datafield>
  <datafield tag="952" ind1=" " ind2=" ">
    <subfield code="0">0</subfield>
    <subfield code="1">0</subfield>
    <subfield code="2">ddc</subfield>
    <subfield code="5">1</subfield>
    <subfield code="7">0</subfield>
    <subfield code="8">PD</subfield>
    <subfield code="a">BNPHU</subfield>
    <subfield code="b">BNPHU</subfield>
    <subfield code="c">CT</subfield>
    <subfield code="d">2024-01-30</subfield>
    <subfield code="e">Donado por el Colegio Nuestra Se&#xF1;ora de Lourdes</subfield>
    <subfield code="l">0</subfield>
    <subfield code="o">BNPHU PD N964c</subfield>
    <subfield code="p">2024-0481</subfield>
    <subfield code="r">2024-01-30</subfield>
    <subfield code="t">e.2</subfield>
    <subfield code="w">2024-01-30</subfield>
    <subfield code="y">LBS1</subfield>
  </datafield>
  <datafield tag="999" ind1=" " ind2=" ">
    <subfield code="c">20426</subfield>
    <subfield code="d">20426</subfield>
  </datafield>
</record>
